Stars / (Record no. 6271)

MARC details
000 -LEADER
fixed length control field 01349cam a2200349 a 4500
001 - CONTROL NUMBER
control field 6271
003 - CONTROL NUMBER IDENTIFIER
control field FISKH
005 - DATE AND TIME OF LATEST TRANSACTION
control field 20250821131251.0
008 - FIXED-LENGTH DATA ELEMENTS--GENERAL INFORMATION
fixed length control field 081113s2009 ilua j b 001 0 eng
010 ## - LIBRARY OF CONGRESS CONTROL NUMBER
LC control number 2008049209
020 ## - INTERNATIONAL STANDARD BOOK NUMBER
International Standard Book Number 9781432927486 (hc)
020 ## - INTERNATIONAL STANDARD BOOK NUMBER
International Standard Book Number 9781432957957
020 ## - INTERNATIONAL STANDARD BOOK NUMBER
International Standard Book Number 9781432927554 (pb)
040 ## - CATALOGING SOURCE
Original cataloging agency DLC
Transcribing agency DLC
Modifying agency DLC
Language of cataloging eng
050 ## - LIBRARY OF CONGRESS CALL NUMBER
Classification number QB801 .G85
082 ## - DEWEY DECIMAL CLASSIFICATION NUMBER
Classification number 523.8
100 1# - MAIN ENTRY--PERSONAL NAME
Personal name Guillain, Charlotte.
245 10 - TITLE STATEMENT
Title Stars /
Statement of responsibility, etc. Charlotte Guillain.
260 ## - PUBLICATION, DISTRIBUTION, ETC.
Place of publication, distribution, etc. Chicago :
Name of publisher, distributor, etc. Heinemann Library,
Date of publication, distribution, etc. 2009.
300 ## - PHYSICAL DESCRIPTION
Extent 24 pages :
Other physical details color illustrations ;
Dimensions 18 cm
490 0# - SERIES STATEMENT
Series statement Space
500 ## - GENERAL NOTE
General note Space -- Stars -- Galaxies -- Can you remember? -- Picture glossary.
504 ## - BIBLIOGRAPHY, ETC. NOTE
Bibliography, etc. note Includes index.
505 0# - FORMATTED CONTENTS NOTE
Formatted contents note F<br/>
520 ## - SUMMARY, ETC.
Summary, etc. Read this book to find out about stars and galaxies. Books in this series introduce children to outer space. Each book uses simple, repetitive text to teach children basic vocabulary, and includes stunning photographs and artwork to show the main features of our Solar System. In Stars, children learn what stars are made of, what size and color they can be, and how the Sun is a <br/>
521 8# - TARGET AUDIENCE NOTE
Target audience note 300<br/>
Source Lexile<br/>
521 8# - TARGET AUDIENCE NOTE
Target audience note F<br/>
Source Raz-Plus<br/>
650 #0 - SUBJECT ADDED ENTRY--TOPICAL TERM
Topical term or geographic name entry element Stars
Form subdivision Juvenile literature.
906 ## - LOCAL DATA ELEMENT F, LDF (RLIN)
a 7
b cbc
c orignew
d 1
e ecip
f 20
g y-gencatlg
942 ## - ADDED ENTRY ELEMENTS (KOHA)
Source of classification or shelving scheme Dewey Decimal Classification
Koha item type Books
Suppress in OPAC No
Holdings
Withdrawn status Lost status Source of classification or shelving scheme Damaged status Not for loan Collection Home library Current library Shelving location Date acquired Total Checkouts Full call number Barcode Date last seen Date last checked out Price effective from Koha item type Copy number
    Dewey Decimal Classification     Non-Fiction Footprints International School Library Network Toul Kork Campus Footprints International School Library Network Toul Kork Campus TK Primary Library Room(4th Floor), Bookcase 7, Shelves 57-60, Dark Green Books 04/08/2025 1 GUI 523.8 QB801 .G85 FISBK04329 02/03/2026 01/20/2026 04/08/2025 Books  
    Dewey Decimal Classification     Non-Fiction Footprints International School Library Network Toul Tom Poung Campus Footprints International School Library Network Toul Kork Campus TTP Primary Green Bookshelves 08/21/2025 2 GUI 523.8 QB801 .G85 FISBK01950 01/08/2026 11/19/2025 08/21/2025 Books 2